Bundesblatt der Schweizerischen Eidgenossenschaft

Detalles Bibliográficos
Formato: Desconocido
Lenguaje:neerlandés
Publicado: Bern (pub. 1848-)
Materias:
Acceso en línea:Acceso restringido

MARC

LEADER 00000ny a22000003n 4500
005 20110510124256.0
008 100311s19999999sw dut
035 |a 2078 
040 |d vLex 
090 |c 1525  |d 1525 
245 3 0 |a Bundesblatt der Schweizerischen Eidgenossenschaft  |h [Recurso electrn̤ico] 
256 |a Servicio en ln̕ea 
260 |a Bern (pub. 1848-) 
500 |a Publicado tambiň en francš como: Feuille Fďřale y en italiano como: Foglio Federale  
651 4 |a Suiza  |x Polt̕ica y gobierno 
651 4 |a Suiza  |x Publicaciones perid̤icas 
740 0 |a vLex Revista (Servicios en ln̕ea) 
843 |a Electrn̤ica. Abierta 
853 |8 1  |i (year)  |j (month)  |k (day) 
856 4 |z Acceso restringido  |u http://vlex.com/source/bundesblatt-2078/section/01 
942 |c REV 
999 |a Foreign official gazettes. 
999 |a Switzerland--Official gazette. 
999 |a Switzerland--Politics and government--Periodicals.